000 00259nam a2200109Ia 4500
005 20251222114349.0
008 251222s1900||||xx |||||||||||||| ||spa||
082 _aDVD0090/M66/2000
245 0 _aEl mundo Neanderthal
264 _bDiscovery Channel
942 _cDVD
999 _c1183
_d1183